UITU Library & LRC     

Vid To Pick (Record no. 33474)

MARC details
000 -LEADER
fixed length control field 00625nam a2200157Ia 4500
008 - FIXED-LENGTH DATA ELEMENTS--GENERAL INFORMATION
fixed length control field 260210s9999 xx 000 0 und d
024 ## - OTHER STANDARD IDENTIFIER
Standard number or code 18B-109-SE, 18B-091-SE, 18B-129-SE, 18B-096-SE & 18B-003-SE
082 ## - DEWEY DECIMAL CLASSIFICATION NUMBER
Classification number 005.072 ISM
100 ## - MAIN ENTRY--PERSONAL NAME
Personal name Mahnoor Ismail, Mahnoor Nadeem, Mansoor Ahmed, Maryam Shahid & Sidra Meraj
110 ## - MAIN ENTRY--CORPORATE NAME
Corporate name or jurisdiction name as entry element Asst. Prof. Dr. Sharaf Hussain
245 #0 - TITLE STATEMENT
Title Vid To Pick
260 ## - PUBLICATION, DISTRIBUTION, ETC.
Place of publication, distribution, etc. Karachi:
Name of publisher, distributor, etc. UITU,
Date of publication, distribution, etc. 2018
600 ## - SUBJECT ADDED ENTRY--PERSONAL NAME
Personal name Software Engineering
650 ## - SUBJECT ADDED ENTRY--TOPICAL TERM
Topical term or geographic name entry element Bachelor of Engineering (BE)
856 ## - ELECTRONIC LOCATION AND ACCESS
Uniform Resource Identifier <a href="https://drive.google.com/file/d/1j8b_ztUZ8LmyIEheVUm1Tge1sipYIfB-/view?usp=sharing">https://drive.google.com/file/d/1j8b_ztUZ8LmyIEheVUm1Tge1sipYIfB-/view?usp=sharing</a>
Link text Click here for PDF

No items available.

Powered by Koha